Teoría y práctica de la psicología comunitaria: la tensión entre comunidad y sociedad

-д хадгалсан:
Номзүйн дэлгэрэнгүй
Үндсэн зохиолч: Montero, Maritza (autora)
Формат: Ном
Хэл сонгох:испани
Хэвлэсэн: Buenos Aires Paidós 2003
Цуврал:Tramas Sociales, 18
Нөхцлүүд:
Шошгууд: Шошго нэмэх
Шошго байхгүй, Энэхүү баримтыг шошголох эхний хүн болох!

MARC

LEADER 00000nam a2200000 a 4500
001 UCM9679
003 CL-VaPUC
008 030509e20030000AG |||||||||||||||||spa|d
082 0 4 |a 302  |b MON  |2 21 
100 |a Montero, Maritza  |e autora  |9 536668 
245 1 0 |a Teoría y práctica de la psicología comunitaria: la tensión entre comunidad y sociedad 
300 |a 201 p 
942 |c BK 
945 |d 20030509 00:00:00  |a cmena 
260 |a Buenos Aires  |b Paidós  |c 2003 
650 0 |a Psicología social   |9 222894 
650 0 |a Comunidades  |9 337024 
650 0 |a Liderazgo  |9 271835 
650 0 |a Trabajo comunitario  |9 337627 
650 0 |a Relaciones interpersonales  |9 307056 
583 |a last modification  |c 20030509 00:00:00  |k Rodrigo Vera 
490 0 |a Tramas Sociales, 18 
999 |c 303823  |d 303821 
952 |0 0  |1 0  |4 0  |6 302_000000000000000_MON_2003  |7 0  |8 A  |9 365390  |a BIBEDU  |b BIBEDU  |d 2019-11-21  |i 390217K  |l 3  |m 3  |o 302 MON 2003  |p 390217K  |r 2023-11-14  |s 2023-11-06  |w 2019-11-21  |y BK  |k PSI